Guía de la educación ambiental (Record no. 6778)

MARC details
000 -LEADER
campo de control de longitud fija 00778nam a2200241 i#4500
001 - NÚMERO DE CONTROL
campo de control 6778
003 - IDENTIFICADOR DE NÚMERO DE CONTROL
campo de control ES-MaACL
005 - FECHA Y HORA DE LA ÚLTIMA TRANSACCIÓN
campo de control 20250822035935.0
008 - DATOS DE LONGITUD FIJA--INFORMACIÓN GENERAL
campo de control de longitud fija 900530s1990 sp b |||| | spa d
020 ## - NÚMERO INTERNACIONAL ESTÁNDAR DEL LIBRO
Número Internacional Estándar del Libro 84-7658-213-7
080 ## - NÚMERO DE LA CLASIFICACIÓN DECIMAL UNIVERSAL
Número de la Clasificación Decimal Universal 016:55.07
080 ## - NÚMERO DE LA CLASIFICACIÓN DECIMAL UNIVERSAL
Número de la Clasificación Decimal Universal 55.07:016
100 1# - ENTRADA PRINCIPAL--NOMBRE DE PERSONA
Nombre de persona Sureda, Jaume.
9 (RLIN) 108814
245 10 - MENCIÓN DEL TÍTULO
Título Guía de la educación ambiental
Resto del título : fuentes documentales y conceptos básicos /
Mención de responsabilidad, etc. Jaume Sureda.
250 ## - MENCION DE EDICION
Mención de edición 1ª ed.
260 ## - PUBLICACIÓN, DISTRIBUCIÓN, ETC.
Lugar de publicación, distribución, etc. Barcelona :
Nombre del editor, distribuidor, etc. Anthropos,
Fecha de publicación, distribución, etc. 1990.
300 ## - DESCRIPCIÓN FÍSICA
Extensión 271 p. ;
Dimensiones 20 cm.
490 1# - MENCIÓN DE SERIE
Mención de serie Autores, textos y temas. Psicología ;
Designación de volumen o secuencia 12
650 14 - PUNTO DE ACCESO ADICIONAL DE MATERIA--TÉRMINO DE MATERIA
Término de materia o nombre geográfico como elemento de entrada Educación ambiental-
Subdivisión de forma Bibliografías.
9 (RLIN) 12087
830 00 - PUNTO DE ACCESO ADICIONAL DE SERIE-TÍTULO UNIFORME
Título uniforme Autores, textos y temas.
Nombre de parte o sección de la obra Psicología
Designación de volumen o secuencia 12
9 (RLIN) 177279
852 ## - LOCALIZACIÓN
Ubicación ES-MaACL
Número de control de estantería L-14080
Holdings
Estatus retirado Estado de pérdida Estado de daño No para préstamo Biblioteca de origen Biblioteca actual Ubicación en estantería Fecha de adquisición Fuente de adquisición Total de préstamos Signatura topográfica completa Código de barras Visto por última vez Precio de reemplazo Tipo de ítem Koha
        Biblioteca del Ateneo de Madrid Biblioteca del Ateneo de Madrid Depósito 2 17/01/2008     L-14080 1006913 23/02/2023 23/02/2023 Libro impreso